Riddles #1 - Statistics

General Stats
  • This quiz has been taken 80 times
  • The average score is 7 of 15
Answer Stats
Hint Answer % Correct
*What has a face and hands, but no body? Counts to 12, but has no brain? A clock
91%
What occurs once in a minute, twice in a moment, but never in a thousand years? The letter M
90%
I have bark, but no bite. What am I? A tree
85%
What two things can you never eat for breakfast? Lunch and Dinner
76%
*My voice is your voice. I say what you say. I don't speak unless I hear you first. What am I? An echo
69%
*I am a ghost that you know exists. You'll never see me, but always breathe me. What am I? Air
64%
*I crossed the road, but you don't know why. To get to the other side, of course! What am I? A chicken
61%
*I am old, I am young. I am the past, I am the future. Everyone owns me, but no one can keep me. You can only see me one way and I sound like "tick, tick, tick". Eventually I will run out for everything. What am I? Time
61%
What do you bury when it's alive and dig up when it's dead? A plant
48%
There’s a one-story house in which everything is yellow. Yellow walls, yellow doors, yellow furniture. What color are the stairs? There aren’t any—it’s a one-story house.
46%
*What is pink and curly and likes mud? A pig's tail
21%
*Johnny goes swimming at school every day, yet never learns a thing except swimming. Every day, children stare at him and the teacher provides his meals. What is Johnny? The class fish
9%
What's bought by the yard and worn by the foot? A carpet
4%
I grow down as I grow up. What am I? A goose
3%
*Count backwards from zero to fifteen. But that makes no sense. That means you'd count forwards. Something important is missing from this clue. I wonder what. Do you know? A negative sign
0%
No matching quizzes found
Score Distribution
Percent of People with Each Score
Percentile by Number Answered
Your Score History
You have not taken this quiz